| 000 | 00820nab a2200253 u 4500 | ||
|---|---|---|---|
| 001 | 10957 | ||
| 003 | HDC | ||
| 007 | cr bn ---aaaaa | ||
| 008 | 210206c mydr|nes 0 a may d | ||
| 040 | _aHDC | ||
| 100 |
_aFairus Kassim _eauthor _99430 |
||
| 245 | 0 |
_aNaza Tutti Frutti raih 5 anugerah / _cby Fairus Kassim |
|
| 260 |
_aKuala Lumpur : _bUtusan Malaysia, _c2012 |
||
| 336 |
_atext _2rdacontent |
||
| 337 |
_acomputer _2rdamedia |
||
| 338 |
_aonline resource _2rdacarrier |
||
| 650 |
_aEntrepreneur _91863 |
||
| 650 |
_aFood industry _9536 |
||
| 710 | _aUtusan Malaysia | ||
| 856 | _zRequest full-text at [email protected] | ||
| 942 | _2lcc | ||
| 942 | _cNEWS | ||
| 942 | _kNWSC 0000302 | ||
| 999 |
_c8280 _d8280 |
||